00486nam a22001577a 45000010005000000030009000050050017000140070005000310080028000360200015000640400022000792450131001012600033002323000033002655210030002980151DO-SdBNP20151123151940.00151151005b1991 pn 00| 0 spa d a0944499899 aBPMSUbspacBPMSU04aLos animales domésticos :bcómo seleccionarlos cómo cuidarlos /cdirección general María Eloísa Álvarez del Real aPanamá :bAmerica, c1991. a288 p. :bil., retrs.c20cm.1 aA partir de los 12 años